Verbatim - Mother Mother - Lyrics - Statistics

General Stats
  • This quiz has been taken 47 times
  • The average score is 222 of 264
Answer Stats
Answer % Correct
a
100%
A
100%
also
100%
an
100%
And
100%
and
100%
But
100%
but
100%
can
100%
I
100%
in
100%
it
100%
It
100%
man
100%
slap
100%
the
100%
The
100%
is
97%
Is
97%
just
97%
lady
97%
like
97%
love
97%
most
97%
my
97%
near
97%
queer
97%
stroke
97%
to
97%
verbatim
97%
wear
97%
What
97%
what
97%
when
97%
women
97%
cross
94%
defines
94%
go
94%
It's
94%
it's
94%
legs
94%
loves
94%
mirror
94%
pose
94%
straight
94%
strong
94%
then
94%
underwear
94%
women's
94%
f***
91%
full
91%
libido
91%
strike
91%
you
91%
day,
88%
day
88%
I'll
88%
length
88%
shakin'
88%
tell
88%
boxer
84%
by
84%
naked
84%
or
84%
steak?
84%
steak
84%
twelve
84%
yeah
84%
yeah,
84%
ever
81%
man's
81%
me
81%
No
81%
no
81%
ounce
81%
(Ha)
78%
hospital
78%
makes
78%
of
78%
briefs
75%
hard
75%
I'm
75%
live
75%
wind
75%
elated
72%
every
72%
see
72%
sickly
72%
tender
72%
there
72%
care
69%
Going
69%
more
69%
cock
66%
dying
66%
For
66%
laugh
66%
past
66%
people
66%
getting
63%
guy
63%
shakes
63%
windows
63%
age
59%
All
59%
am
59%
heart
59%
listless
59%
sake
59%
symbol
59%
walking
59%
bones
56%
Did
56%
invitations
56%
need
56%
phallic
56%
really
56%
rooster
56%
think
56%
truth
56%
with
56%
attack,
53%
big
53%
cardiac
53%
eddy
53%
morning
53%
Nah,
53%
Pete
53%
you'd
53%
out
47%
incinerator
44%
shaking
44%
smokestack
44%
c'mon
38%
Humble
34%
No matching quizzes found
Score Distribution
Percent of People with Each Score
Percentile by Number Answered
Your Score History
You have not taken this quiz